000
00268nam a22001217a 4500
008
170622b xxu||||| |||| 00| 0 eng d
041
_a
eng
080
_2
2ND
_a
94
100
_a
16
101
_a
SHH
245
_a
RISE OF THE AMERICAN NATION
_c
GURTI,T
942
_2
udc
_c
BK
999
_c
18690
_d
18690